Henry viii gcse quiz - Statistics

General Stats
  • This quiz has been taken 39 times
  • The average score is 14 of 82
Answer Stats
Hint Answer % Correct
priests had to pay ... of their earnings 1/3
96%
amicable grant meant oridanry people had to pay ... of their earnings 1/6
96%
when did henry become king + marry catherine of aragon 1509
93%
how was henrys older brother who was married to catherine of aragon Arthur
67%
what was henrys religious views growing up catholic
48%
henrys first chief minster wolsey
41%
who did cromwell work for wolsey
41%
how many weeks later did she die after birth 2
37%
janes son edward
37%
catherine of aragons daughter mary
37%
what year did charles defeat france 1525
33%
year of amicable grant 1525
33%
who does papal leget (1518) work for pope
33%
who did charles v kidnap pope
33%
he died in 1530
30%
what treaty was created in 1518 treaty of london
30%
when did catherine of aragon die 1536
26%
who was the king of spain 1516 charles v
26%
anne boleyns daughter elizabeth
26%
what year was cromwell appointed to the royal counsil 1531
22%
what year was henry legally married to anne 1533
22%
what year was cromwell given chief minster and kings secretary 1533
22%
who was anne boleyn rumoured to have slept with her brother
22%
which book says you shouldnt mary your brothers widow leviticus
22%
in 1515 what did wolsey become lord chancellor
22%
what court did wolsey strengthen 1516 star chamber
22%
who did he make hearings fairer for the poor
22%
how many people gathered to protest the amicable grant in may 1525 10000
19%
when was the field of the cloth of gold 1520
19%
henry wanted an annulment in 1527
19%
what other role did wolsey have cardinal
19%
in 1517 what did wolsey set up an inquiry to look into enclosures
19%
what house did wolsey build hampton court
19%
peace with france in 1525 because of treaty of more
19%
what did wolsey become in 1509, where he oversaw giving charity to the poor, and helped him to get on the royal counsil royal almoner
19%
old chancellor who resigned in 1532 as he didnt agree with annulments thomas more
19%
france declared war on spain in 1521
15%
what did the public call wolsey alter rex
15%
what was the new tax wolsey created subsidy
15%
number of cases increase from -- to --- in a year 12 120
11%
the privy chamber went from ... to ... 12 6
11%
when was the eltham ordinances 1526
11%
who was royal counsil made up of nobles
11%
henry ended up stopping the grant and lost ... in wolsey trust
11%
francis beat henry in a ... wrestling match
11%
how many soldiers henry sent with the duke of sufolk to march to paris 11000
7%
henry signed an alliance with charles in 1522
7%
between 1513 and 1517 wolsays tax meant they raised 170000
7%
how many rich landowners were taken to court for enclosures 260
7%
what battle did francis get defeated in battle of pavia
7%
who was privy chamber made up of close friends
7%
what was the origional tax called where everyone had to pay 1/10th of their goods in a town or 1/15th if theyre in a rural village fifteenths and tenths
7%
what title did charles v also have holy roman emperor
7%
what sports did henry do jousting hunting
7%
what did this cause backlog of cases
4%
they ....... on foods cut spending
4%
henry was sad as charles didnt let him become king of france
4%
only ... could have dogs ladies
4%
when was wolsey sacked as lord chancellor october 1529
4%
henry was worried he might not get an heir as he was getting ... and he had an injury from old jousting
4%
people found anne irratating as she was out spoken and a reformer
4%
what was henrys main goal strong monach
4%
where did they gather sufolk
4%
the peace treaty signed between france and spain treaty of cambrai
4%
how much henry spent on the war 430000
0%
what act said that rome had now power over england anymore act in restraint and appeals
0%
janes brother was made... earl of hertford
0%
1523 wolsey stopped chasing people for enclosures in return for extra taxes for war
0%
who met up at the field of the cloth of gold francis henry
0%
who is the king of france 1515 fransis
0%
1529 charles defeated france in the battle of landriano
0%
who admitted to sleeping with anne boleyn mark seaton
0%
anne was exectuted on may 19th 1536
0%
henry married jane seymore on may 30th 1536
0%
henry had... no money
0%
what did the treaty of london say no wars between christian countries
0%
what did he do in 1512 for henry organised the army
0%
what were enclosures rich fencing off public land
0%
what did wolseys new tax mean rich had to pay more
0%
what did the eltham ordinances do save money
0%
why did henry marry catherine of aragon strengthen relationship with spain
0%
what treaty meant england would defend france treaty of westminster
0%
No matching quizzes found
Score Distribution
Percent of People with Each Score
Percentile by Number Answered
Your Score History
You have not taken this quiz